Druhá publikácia o Mečiarovi

Bibliographic Details
Main Author: Parenička, Pavol, 1959- (Author)
Format: Article
Language:Slovak
PhysicalDescription:Fotogr.
ISSN:0862-5999
Subjects:

MARC

LEADER 00000nab a2200000 a 4500
001 vtls000772711
003 SK-MaSNL
005 20260305005333.0
008 140423c2001 xo 0 slo
015 |a SNBRB2001/10-31083 
035 |a CLN000124498 
040 |a SNKBUCL  |b slo  |c SNKBUCL  |e AACR2 
041 0 |a slo 
044 |a xo  |c SK 
080 |a 82.091:886.2:885.4(048)  |2 1997 
080 |a 885.4.091:886.2(048)  |2 1997 
080 |a 886.2.091:885.4(048)  |2 1997 
080 |a 82:929:885.4(048)  |2 1997 
100 1 |a Parenička, Pavol,  |d 1959-  |4 aut  |9 100367 
245 1 0 |a Druhá publikácia o Mečiarovi  |c Pavol Parenička 
300 |b Fotogr. 
600 1 7 |a Mečiar, Stanislav,  |d 1910-1971  |2 snkbucl  |9 26226 
650 0 7 |a chorvátska literatúra  |2 snkbucl  |9 1190 
650 0 7 |a slovenská literatúra  |2 snkbucl  |9 1115 
650 0 7 |a monografie  |2 snkbucl  |9 256509 
655 7 |a recenzie  |2 snkbucl  |9 21907 
655 7 |a články z novín a časopisov  |2 snkbucl  |9 267496 
773 0 |t Literárny týždenník  |g Roč. 14, č. 29-30 (2001), s. 14  |x 0862-5999 
787 0 8 |i Rec.:  |a Jankovič, Ján  |t Stanislav Mečiar - chorvatofil  |d Bratislava : JUGA, 2001  |z 8085506033 
850 |a Slovenská národná knižnica v Martine 
852 |a SNK  |b KIS3GCP 
958 |a LX 
958 |a RC 
958 |a HR 
992 |a RBX 
999 |c 3239911  |d 3241841